|
|
|
|
| LEADER |
00000nam a2200000 a 4500 |
| 001 |
UCH3102 |
| 003 |
CL-VaPUC |
| 008 |
090715e19580000US |||||||||||||||||eng|d |
| 082 |
0 |
4 |
|a 515.53
|b BOW
|2 21
|
| 100 |
0 |
|
|a Bowman, Frank
|e author
|9 538258
|
| 245 |
1 |
0 |
|a Introduction to Bessel functions
|
| 300 |
|
|
|a 135 p
|
| 942 |
|
|
|c BK
|
| 945 |
|
|
|d 20090715 00:00:00
|a rbrito
|
| 260 |
|
|
|a Nueva York
|b Dover
|c 1958
|
| 650 |
|
7 |
|a FUNCIONES BESSEL
|2 CL-VaPUC
|9 359760
|
| 650 |
|
0 |
|a Integrales
|9 260233
|
| 650 |
|
0 |
|a Física matemática
|9 260981
|
| 583 |
|
|
|a last modification
|c 20090715 00:00:00
|k Rodrigo Vera
|
| 999 |
|
|
|c 334740
|d 334738
|
| 952 |
|
|
|0 0
|1 0
|4 0
|6 515_530000000000000_BOW_1958
|7 0
|8 A
|9 423887
|a BIBCUR
|b BIBCUR
|d 2019-11-22
|i 454322K
|o 515.53 BOW 1958
|p 454322K
|r 2025-04-22
|w 2019-11-22
|y BK
|k FIS
|